000 00469nam a22001337a 4500
082 _aMSCCS-5
100 _aFowz Masood
_9100727
245 _aDynamic trust evaluation framework for cloud federation
260 _aIslamabad
_bNUST-SEECS
_c2015
300 _a91p.:
_b27cm.+
_eCD-ROM
500 _aSupervisors: Dr. Muhammad Awais Shibl Dr. Abdul Ghafoor Miss Hirra Anwar Miss Rahat Masood
856 _uhttp://10.250.8.41:8080/xmlui/handle/123456789/6655
942 _cPR
_2ddc
999 _c13164
_d13164